Statistics for Animals beginning with the letter Q

Click here to take the quiz!

General Stats

  • This quiz has been taken 49 times
  • The average score is 3 of 5

Answer Stats

ClueAnimal% Correct
Ground feeding birds that would rather run than flyQuail
94%
Strikingly coloured birds found in Mexico and Southern AmericaQuetzal
67%
Small macropod the size of a domestic cat found in AustraliaQuokka
61%
Carnivorous marsupials native to Australia and Papua New GuineaQuoll
58%
Extinct subspecies of the ZebraQuagga
55%

Score Distribution

Percentile by Number Answered

Percent of People with Each Score

Your Score History

You have not taken this quiz